| 000 | 01391nam a2200337 c 4500 | ||
|---|---|---|---|
| 003 | BLK | ||
| 005 | 20240806095807.0 | ||
| 008 | 180413b bul|||||r ||||||| ||bul|| | ||
| 010 | _aKNG00024193000 | ||
| 020 |
_a954-419-002-3 _bиздат.: Отечество - на том(т. 7) |
||
| 040 | _aBLK | ||
| 041 |
_aBUL _cBUL |
||
| 080 |
_aНемска литература _b821.112.2 _x(081.2) _z821.112.2(081.2) |
||
| 080 |
_aНемска литература _b821.112.2 _x-31 _z821.112.2-31 |
||
| 100 | 1 |
_aМай, Карл _eпърви автор _9241916 |
|
| 700 | 1 |
_aРадков, Веселин Стаменов _eсъстав. и прев. _9365456 |
|
| 139 |
_aМай, Карл _bМ 16 |
||
| 245 | 1 | 0 |
_aИзбрани произведения _bТ. 1 - За том: Роман _cКарл Май; състав. и прев. Веселин Стаменов Радков. _nТ. 7 _pКралят на петрола |
| 257 | _aDEU | ||
| 260 |
_аСофия _c1988 - |
||
| 300 | _c22 см | ||
| 380 | _aX | ||
| 653 | _aромани | ||
| 760 | 1 |
_3- на том(т. 7) _aМай, Карл _dОтечество, 1991 _h448 с. : с портр. _tТ. 7 Кралят на петрола |
|
| 852 | _aЦб 154874 | ||
| 856 | 4 |
_qpdf _u |
|
| 856 | 4 |
_qpdf _u |
|
| 942 |
_cKNG _n0 _07 |
||
| 944 |
_aCR _c28.05.2003 _k30530 _lМинев Младен |
||
| 944 |
_aED _c18.02.2011 _k |
||
| 999 |
_c21877 _d21877 |
||